5HLuxD.jpg

KING HENRY VIII SENIOR AND PRIMARY SCHOOL LIBRARY OPAC

OLD MACDONALD HEARD A PARP FROM THE PAST (Record no. 4778)

000 -LEADER
fixed length control field 00347nam a22001217a 4500
008 - FIXED-LENGTH DATA ELEMENTS--GENERAL INFORMATION
fixed length control field 250320b ||||| |||| 00| 0 eng d
020 ## - INTERNATIONAL STANDARD BOOK NUMBER
International Standard Book Number 9780008241568
082 ## - DEWEY DECIMAL CLASSIFICATION NUMBER
Classification number 823.92 FAL
100 ## - MAIN ENTRY--PERSONAL NAME
Personal name FALAFEL,OLAF
Relator term AUTHOR
245 ## - TITLE STATEMENT
Title OLD MACDONALD HEARD A PARP FROM THE PAST
260 ## - PUBLICATION, DISTRIBUTION, ETC.
Place of publication, distribution, etc. GREAT BRITAIN
Name of publisher, distributor, etc. HARPER COLLINS CHILDREN'S BOOKS
Date of publication, distribution, etc. 2018
942 ## - ADDED ENTRY ELEMENTS (KOHA)
Source of classification or shelving scheme
Holdings
Withdrawn status Lost status Source of classification or shelving scheme Damaged status Not for loan Collection code Permanent Location Current Location Shelving location Date acquired Total Checkouts Full call number Barcode Date last seen Date last checked out Price effective from Koha item type Public note
          Fiction KH8 Primary School Library KH8 Primary School Library Fiction 2025-03-20 4 E FIC FAL KHPL000006612 2026-02-10 2026-01-13 2025-03-20 Books - Fiction KH8 PRIMARY LIBRARY

Powered By KH8 IT Dept